Countries Of Europe - Statistics

General Stats
  • This quiz has been taken 47 times
    33 since last reset
  • The average score is 42 of 46
Answer Stats
Hint Answer % Correct
Starts With A Albania
100%
Starts With F France
97%
Starts With R (Also In Asia) Russia
97%
Starts With A Andorra
94%
Starts With B Belarus
94%
Starts With B Belgium
94%
Starts With C Czech Republic
94%
Starts With D Denmark
94%
Starts With E Estonia
94%
Starts With F Finland
94%
Starts With G Germany
94%
Starts With G Greece
94%
Starts With I Iceland
94%
Starts With I Ireland
94%
Starts With I Italy
94%
Starts With N Norway
94%
Starts With P Portugal
94%
Starts With R Romania
94%
Starts With S Slovakia
94%
Starts With S Slovenia
94%
Starts With S Spain
94%
Starts With S Sweden
94%
Starts With U United Kingdom
94%
Starts With V Vatican City
94%
Starts With A Austria
91%
Starts With B Bosnia And Herzegovina
91%
Starts With B Bulgaria
91%
Starts With C Croatia
91%
Starts With H Hungary
91%
Starts With L Latvia
91%
Starts With L Lithuania
91%
Starts With L Luxembourg
91%
Starts With M Malta
91%
Starts With M Moldova
91%
Starts With N Netherlands
91%
Starts With S Serbia
91%
Starts With S Switzerland
91%
Starts With U Ukraine
91%
Starts With K Kosovo
88%
Starts With L Liechtenstein
88%
Starts With M Macedonia
88%
Starts With M Monaco
88%
Starts With S San Marino
88%
Starts With M Montenegro
84%
Starts With P Poland
84%
Starts With C Cyprus
81%
No matching quizzes found
Score Distribution
Percent of People with Each Score
Percentile by Number Answered
Your Score History
You have not taken this quiz since the last reset